000 00569nam a2200181Ia 4500
003 GCL
008 140319s9999 xx 000 0 ara d
040 _aGCL /
_cGCL
082 0 4 _a813.01
_bع س
100 1 _aعصام الصاوى
245 1 0 _aسور القاهرة الوردى قصص قصيرة /
_cعصام الصاوى
300 _a183 ص
490 _aالهيئة العامة للاستعلامات
_v0
650 0 4 _aالادب العربى
650 0 4 _aالقصص العربية
650 0 4 _aالقصص العربية القصيرة
942 _2ddc
_cBK
999 _c52092
_d52092